000 00983nam0a22002771 4500
001 rc\3000566
005 20250806200628.0
035 _a(NLR Aleph) 007143729
090 _a70715
_c70715
100 _a20110919d1941 u y0rusy50 ca
101 0 _arus
102 _aRU
105 _ay z |||||
200 1 _aЛенинград
_e[Альбом]
_fРед. А.И. Кожевников
_gХуд. П.Д. Пестунович
210 _a[Ленинград]
_c"Ленфотохудожник" УК-ПП Ленгорисполкома
_d1941
215 _a16 отд. л. изобр. в обл. папке
_d9×6 см
300 _aФото-миниатюры
702 1 _aКожевников
_bА.И.
_4340
702 1 _aПестунович
_bП.Д.
_4440
801 0 _aRU
_bNLR
_gpsbo
801 1 _aRU
_bELAR
_2rusmarc
852 _aNLR
_bЭ
_jАлТ63/О-Л-452
942 _cBOOK
945 _aРоссийская национальная библиотека
980 _aNB
980 _aBV